[Event "Le Port Marly Paribas blitz op"]
[Site "Le Port Marly"]
[Date "2012.06.16"]
[Round "1.3"]
[White "Dourerassou, Jonathan"]
[Black "Bonnot, Philippe"]
[Result "0-1"]
[WhiteElo "2670"]
[BlackElo "1910"]
[PlyCount "35"]
[EventDate "2012.06.18"]
[EventType "swiss (blitz)"]
[EventRounds "13"]
[EventCountry "FRA"]
[SourceTitle "EXT 2014"]
[Source "ChessBase"]
[SourceDate "2013.11.20"]
[SourceVersion "1"]
[SourceVersionDate "2013.11.20"]
[SourceQuality "1"]

1. e4 d6 2. d4 Nf6 3. Nc3 g6 4. f4 Bg7 5. Nf3 0-0 6. Bd3 Nbd7 7. e5 dxe5 8. dxe5 Ne8 9. Be3 f6 10. Bc4+ Kh8 11. e6 Nb6 12. Qxd8 Nxc4 13. Bc5 Ncd6 14. Qxe7 b6 15. Bxd6 Nxd6 16. Qxc7 Nf5 17. e7 Re8 18. 0-0-0 0-1